Представление документа в формате MARC21

Поле Инд. ПП Название Значение
Тип записи a
Библиографический уровень m
001 Контрольный номер RU/IS/BASE/333205157
005 Дата корректировки 20230626115411.1
040 b Код языка каталог. rus
041 0_ a Код языка текста rus
080 a Индекс УДК 81'322
084 a Индекс другой классификации/Индекс ББК 81.8
090 a Полочн. индекс 681.3
x Авторский знак М38
097 b Оператор 11
245 10 a Заглавие Машинный перевод
c Ответственность АН ГССР
260 a Место издания Тбилиси
b Издательство Мецниереба
c Дата издания 1976
300 a Объем 59 с.
510 0_ a Примечание о ссылках Книги и методические пособия
650 04 a Основная рубрика 16.31 Прикладное языкознание
x Основная подрубрика 16.31.21 Автоматическая обработка текста. Автоматический перевод. Автоматическое распознавание речи
653 0_ a Ключевые слова машинный перевод
901 t Тип документа m